Statistiken für Alle Eis-Pokemon (Gen 1)

Klicken Sie hier um das Quiz zu spielen!

Allgemein

  • Dieses Quiz wurde 144 mal gespielt
  • Das Durchschnittsergebnis liegt bei 4 aus 5

Antwortstatistiken

HintAntwort% Korrekt
#144Arktos
95%
#131Lapras
83%
#087Jugong
80%
#091Austos
72%
#124Rossana
72%

Verteilung der Resultate

Perzentil nach korrekt beantworteten Fragen

Anzahl Personen mit jedem Resultat

Ihre Resultats-Entwicklung

Sie haben dieses Quiz noch nicht gespielt